000 01030cam a22003137a 4500
003 CHAP
005 20220329134212.0
008 971013s1972 r 00010 d
010 _a16899
011 _a17871
035 _a21955
040 _cCHAP
082 _a630.72
_bJ3
110 _aJapón. Ministry of Agriculture and Forestry
_961088
245 1 4 _aThe use of isotopes and radiation for agriculture in Japan
260 _aTokyo,
_c1972
300 _a163 p.
_b: ilus. ; mapa
590 _aBATCH-UPD
_b10
_c20130109
_lUCH01
_h2319
590 _aBATCH-UPD
_b10
_c20130110
_lUCH01
_h2316
590 _aBATCH-UPD
_b10
_c20130409
_lUCH01
_h1840
590 _aBATCH-UPD
_b10
_c20130410
_lUCH01
_h1606
590 _aBATCH-UPD
_b10
_c20130914
_lUCH01
_h1306
590 _aCONVERSION
_b10
_c20130109
_lUCH01
_h1310
650 1 4 _aAgricultura
_xInvestigacion
_xJapon.
_91638
650 1 4 _aEnergía atómica en agricultura.
_936898
901 _aBK
942 _cLIBRO
949 _a630.72 J3
_bBC
_cLIBRO
_d33724000042461
_eLIBRO
_h33205
_i21955
_si
999 _c16899
_d16899